COURS 13 - Statistiques

Statistiques générales
  • Ce quiz a été pris 8 fois
    7 depuis la dernière actualisation
  • Le résultat moyen est 15 sur 25
Statistiques - réponses
Événement Date % Correct
Veto de de Gaulle sur le RU 1963
100%
La Grèce rejoint l'UE 1981
100%
Signature des Accords de Schengen 1985
100%
Portugal et Espagne rejoignent l'UE 1986
100%
Acte unique européen 1986
100%
Entrée en vigueur de Schegen 1995
100%
Mise en place du Traité de Lisbonne 2009
100%
Traité de Maasticht 7 février 1992
100%
l'Allemagne favorable à une fédération européenne 12 mai 2000
50%
Traité de Lisbonne 13 décembre 2007
50%
Création d'Erasmus 1987
50%
Travaux de l'Eurotunnel 1987-1994
50%
Création du statut d'invité pour les pays de l'est 1989
50%
Mise en circulation de l'euro 1 janvier 2002
50%
Bulgarie et Roumanie intègrent l'UE 1 Janvier 2007
50%
Croatie intègre l'UE 1 juillet 2013
50%
10 nouveaux pays 1 mai 2004
50%
Cameron déclare qu'il organisera un réferendum 23 janvier 2013
50%
Référendum du Brexit 23 juin 2016
50%
Traité de Rome CEE 25 Mars 1957
50%
Chirac accepte la rédaction d'une constitution européenne 27 juin 2000
50%
Accord du Brexit 29 Mars 2019
50%
Traité de Paris CECA 18 Avril 1951
0%
Entrée en vigueur du Traité de Maastricht 1 novembre 1993
0%
Sommet de Strasbourg 3 octobre 1990
0%
Aucun quiz correspondant
Distribution des résultats
% des personnes avec chaque résultat
Percentile par nombre de réponses
Votre historique - résultats
Vous n’avez pas pris ce quiz depuis la dernière actualisation